000 00287 a2200133 4500
000 nam a22 7a 4500
100 _aArya,Amit
110 _aArya,Amit
245 _aMedia and Politics
250 _alatest edition
260 _bRAJAT
_c2024
264 _bRAJAT
_c2024
942 _cBK
999 _c397251
_d397251